<?xml version="1.0" encoding="UTF-8"?>
<record
    xmlns:xsi="http://www.w3.org/2001/XMLSchema-instance"
    xsi:schemaLocation="http://www.loc.gov/MARC21/slim http://www.loc.gov/standards/marcxml/schema/MARC21slim.xsd"
    xmlns="http://www.loc.gov/MARC21/slim">

  <leader>01413nam1a2200373 i 4500</leader>
  <controlfield tag="001">RU\NLR\bibl\1480362</controlfield>
  <controlfield tag="005">20260405200108.0</controlfield>
  <datafield tag="010" ind1=" " ind2=" ">
    <subfield code="a">978-5-298-01869-2</subfield>
  </datafield>
  <datafield tag="035" ind1=" " ind2=" ">
    <subfield code="a">(NLR Aleph) 001472015</subfield>
  </datafield>
  <datafield tag="090" ind1=" " ind2=" ">
    <subfield code="a">1649598</subfield>
    <subfield code="c">1649598</subfield>
  </datafield>
  <datafield tag="100" ind1=" " ind2=" ">
    <subfield code="a">20100303d2009    u  y0rusy50      ca</subfield>
  </datafield>
  <datafield tag="101" ind1="0" ind2=" ">
    <subfield code="a">tat</subfield>
  </datafield>
  <datafield tag="102" ind1=" " ind2=" ">
    <subfield code="a">RU</subfield>
  </datafield>
  <datafield tag="105" ind1=" " ind2=" ">
    <subfield code="a">||||z   |||||</subfield>
  </datafield>
  <datafield tag="200" ind1="1" ind2=" ">
    <subfield code="a">&#x418;&#x437;&#x431;&#x440;&#x430;&#x43D;&#x43D;&#x44B;&#x435; &#x43F;&#x440;&#x43E;&#x438;&#x437;&#x432;&#x435;&#x434;&#x435;&#x43D;&#x438;&#x44F;</subfield>
    <subfield code="e">&#x432; 5 &#x442;.</subfield>
    <subfield code="f">&#x422;&#x430;&#x437;&#x438; &#x413;&#x438;&#x437;&#x437;&#x430;&#x442;</subfield>
    <subfield code="g">[&#x441;&#x43E;&#x441;&#x442;.: &#x413;&#x438;&#x437;&#x437;&#x430;&#x442;&#x43E;&#x432; &#x41A;&#x430;&#x437;&#x431;&#x435;&#x43A; &#x422;&#x430;&#x437;&#x438;&#x435;&#x432;&#x438;&#x447;]</subfield>
  </datafield>
  <datafield tag="210" ind1=" " ind2=" ">
    <subfield code="a">&#x41A;&#x430;&#x437;&#x430;&#x43D;&#x44C;</subfield>
    <subfield code="c">&#x422;&#x430;&#x442;&#x430;&#x440;&#x441;&#x43A;&#x43E;&#x435; &#x43A;&#x43D;&#x438;&#x436;&#x43D;&#x43E;&#x435; &#x438;&#x437;&#x434;-&#x432;&#x43E;</subfield>
    <subfield code="d">2009</subfield>
  </datafield>
  <datafield tag="215" ind1=" " ind2=" ">
    <subfield code="d">21</subfield>
  </datafield>
  <datafield tag="300" ind1=" " ind2=" ">
    <subfield code="a">&#x417;&#x430;&#x433;&#x43B;. &#x438; &#x430;&#x432;&#x442;. &#x442;&#x430;&#x43A;&#x436;&#x435; &#x43D;&#x430; &#x442;&#x430;&#x442;&#x430;&#x440;. &#x44F;&#x437;.</subfield>
  </datafield>
  <datafield tag="300" ind1=" " ind2=" ">
    <subfield code="a">&#x41F;&#x435;&#x440;&#x435;&#x434;. &#x432;&#x44B;&#x43F;. &#x434;&#x430;&#x43D;. &#x430;&#x432;&#x442;.: &#x413;&#x438;&#x437;&#x437;&#x430;&#x442; &#x422;&#x430;&#x437;&#x438; (&#x413;&#x438;&#x437;&#x437;&#x430;&#x442;&#x43E;&#x432; &#x422;&#x430;&#x437;&#x438; &#x41A;&#x430;&#x43B;&#x438;&#x43C;&#x443;&#x43B;&#x43B;&#x43E;&#x432;&#x438;&#x447;)</subfield>
  </datafield>
  <datafield tag="300" ind1=" " ind2=" ">
    <subfield code="a">&#x422;&#x435;&#x43A;&#x441;&#x442; &#x43D;&#x430; &#x442;&#x430;&#x442;&#x430;&#x440;. &#x44F;&#x437;.</subfield>
  </datafield>
  <datafield tag="463" ind1=" " ind2="0">
    <subfield code="1">0011477814</subfield>
  </datafield>
  <datafield tag="463" ind1=" " ind2="0">
    <subfield code="1">0011477808</subfield>
  </datafield>
  <datafield tag="463" ind1=" " ind2="0">
    <subfield code="1">0011477372</subfield>
  </datafield>
  <datafield tag="463" ind1=" " ind2="0">
    <subfield code="1">0011477806</subfield>
  </datafield>
  <datafield tag="463" ind1=" " ind2="0">
    <subfield code="1">0011477379</subfield>
  </datafield>
  <datafield tag="686" ind1=" " ind2=" ">
    <subfield code="a">&#x428;6(2=&#x422;&#x430;&#x442;)7&#x44F;44{&#x41B;&#x445;-&#x442;&#x430;&#x442;&#x430;&#x440;.528-20}</subfield>
  </datafield>
  <datafield tag="700" ind1=" " ind2="1">
    <subfield code="4">070</subfield>
    <subfield code="8">rus</subfield>
    <subfield code="7">ca</subfield>
    <subfield code="a">&#x413;&#x438;&#x437;&#x437;&#x430;&#x442;</subfield>
    <subfield code="b">&#x422;.</subfield>
    <subfield code="f">1895-1955</subfield>
    <subfield code="g">&#x422;&#x430;&#x437;&#x438;</subfield>
    <subfield code="3">RU\NLR\auth\7787750</subfield>
    <subfield code="9">70678</subfield>
  </datafield>
  <datafield tag="702" ind1=" " ind2="1">
    <subfield code="7">ca</subfield>
    <subfield code="8">rus</subfield>
    <subfield code="a">&#x413;&#x438;&#x437;&#x437;&#x430;&#x442;&#x43E;&#x432;</subfield>
    <subfield code="b">&#x41A;. &#x422;.</subfield>
    <subfield code="f">1925-2013</subfield>
    <subfield code="g">&#x41A;&#x430;&#x437;&#x431;&#x435;&#x43A; &#x422;&#x430;&#x437;&#x438;&#x435;&#x432;&#x438;&#x447;</subfield>
    <subfield code="9">166858</subfield>
    <subfield code="3">RU\NLR\AUTH\770166905</subfield>
  </datafield>
  <datafield tag="801" ind1=" " ind2="0">
    <subfield code="a">RU</subfield>
    <subfield code="b">NLR</subfield>
    <subfield code="c">20100303</subfield>
    <subfield code="g">RCR</subfield>
  </datafield>
  <datafield tag="801" ind1=" " ind2="1">
    <subfield code="a">RU</subfield>
    <subfield code="b">NLR</subfield>
    <subfield code="c">20100303</subfield>
  </datafield>
  <datafield tag="830" ind1=" " ind2=" ">
    <subfield code="a">&#x43F;&#x43E; &#x43A;&#x43D;.</subfield>
  </datafield>
  <datafield tag="852" ind1=" " ind2=" ">
    <subfield code="a">NLR</subfield>
    <subfield code="j">&#x41E;&#x41D;&#x41B;</subfield>
  </datafield>
  <datafield tag="942" ind1=" " ind2=" ">
    <subfield code="c">BOOK</subfield>
  </datafield>
</record>
